=LDR 00000nam 2200000 4500 =001 INLIS000000000026628 =005 20130612125045 =008 ***********************************Ind** =035 ##$$0010-061300000026628 =041 ##$$a Ind =082 ##$$a 028.55 =090 ##$$a 028.55, Ber b =100 ##$$a Bertino, Andree =245 ##$$a Berjalan-jalan di taman serta cerita lainnya, Andree bertino dan fredo Valla ; Alih bahasa Esther S. manojari =260 ##$$a { s.a } $b Bogor =300 ##$$a 24 hlm, ilus, 19 cm =650 ##$$a Bacaan kanak-kanak =700 ##$$a Valla, Fredo =850 ##$$a NBPNMAT =990 ##$$a 10201020 =990 ##$$a 20704249